Diccionario ejemplificado de chilenismos: y de otros usos diferenciales del español de Chile

Gardado en:
Detalles Bibliográficos
Main Authors: Morales Pettorino, Félix (autor), Quiroz Mejías, Oscar (Author)
Formato: Libro
Idioma:Lingua castelá
Publicado: Santiago Consejo de Rectores de las Universidades Chilenas 1983
Subjects:
Tags: Engadir etiqueta
Sen Etiquetas, Sexa o primeiro en etiquetar este rexistro!

MARC

LEADER 00000nam a2200000 a 4500
001 UCR9657
003 CL-VaPUC
008 980613e19830000CL |||||||||||||||||spa|d
082 0 4 |a 460.983  |b MOR  |2 21 
100 |a Morales Pettorino, Félix  |e autor  |9 767570 
700 0 |a Quiroz Mejías, Oscar  |e author  |9 412416 
245 1 0 |a Diccionario ejemplificado de chilenismos: y de otros usos diferenciales del español de Chile 
300 |a 150 p 
942 |c BK 
945 |d 19980613 00:00:00  |a crobeson 
260 |a Santiago  |b Consejo de Rectores de las Universidades Chilenas  |c 1983 
650 0 |a Chilenismos  |9 306533 
650 0 |a Diccionarios  |9 256200 
583 |a last modification  |c 20180308 11:20:15  |k Rodrigo Vera 
999 |c 270842  |d 270840 
952 |0 0  |1 0  |4 0  |6 460_983000000000000_MOR_1983  |7 0  |8 X  |9 305256  |a BIBEDU  |b BIBEDU  |d 2019-11-20  |i 1417428  |o 460.983 MOR 1983  |p 1417428  |r 2023-01-13  |w 2019-11-20  |y BK_X  |k LIT 
952 |0 0  |1 0  |4 0  |6 460_983000000000000_MOR_1983  |7 0  |8 X  |9 305257  |a BIBEDU  |b BIBEDU  |d 2019-11-20  |i 1444549  |o 460.983 MOR 1983  |p 1444549  |r 2023-01-13  |w 2019-11-20  |y BK_X  |k LIT 
952 |0 0  |1 0  |4 0  |6 460_983000000000000_MOR_1983  |7 0  |8 X  |9 305258  |a BIBEDU  |b BIBEDU  |d 2019-11-20  |i 144459K  |o 460.983 MOR 1983  |p 144459K  |r 2023-01-13  |w 2019-11-20  |y BK_X  |k LIT 
952 |0 0  |1 0  |4 0  |6 460_983000000000000_MOR_1983  |7 0  |8 X  |9 305259  |a FDOBUD  |b FDOBUD  |d 2019-11-20  |i 4557433  |o 460.983 MOR 1983  |p 4557433  |r 2019-11-20  |w 2019-11-20  |y BK_X  |k BUD